000 00540nam a22001577a 4500
999 _c527883
_d527883
082 _a658
100 _aZafar, Mohammad Khalid
245 _aComparative Financial Performance Analysis of Islamic, Conventional and Nationalized Bank of Pakistan:
_bCAMEL Model Approch /
_cMohammad Khalid Zafar
260 _aIslamabad:
_bNBS - NUST,
_c2014.
300 _aill.;
_c25cm.
942 _2ddc
_cTHE
650 _aMBA Thesis
_917629
700 _aSaadia Irfan.
_918211